000 00966cam a22003251 4500
001 2164282
003 OSt
005 20140310184241.0
008 731016s1950 nyua j 000 1 eng
010 _a 50010611
020 _a0590254766
040 _aDLC
_cDLC
_dDLC
042 _alcac
050 0 0 _aPZ 8
_b.L48Cs 1950
100 1 _aLewis, C. S.
_q(Clive Staples),
_d1898-1963.
_924474
245 1 4 _aThe lion, the witch and the wardrobe :
_ba story for children /
_cC.S Lewis; Illustrated by Pauline Baynes.
260 _aNew York :
_bMacmillan,
_c1950.
300 _a189 p.:
_bill.;
_c21 cm.
490 0 _aThe chronicles of Narnia
521 _aG8
526 _c940
650 1 _aFantasy.
_93293
700 1 _aBaynes, Pauline,
_eill.
_924475
830 _aThe Lion, the witch and the wardrobe
_928723
906 _a7
_bcbc
_corignew
_du
_eocip
_f19
_gy-gencatlg
942 _2lcc
_cBK-SCHOLAS
999 _c33267
_d33267